01304nam a2200337Ic 450000100060000000300100000600500170001600700030003300800410003602000180007704000350009504100080013008200170013810000290015524501110018425000220029526400920031730000180040933600270042733700330045433800280048749000200051550001300053565000300066565000430069565000340073870000320077294200120080499900170081695201330083359984CO-BoRNBP20251113210933.0ta180815s9999 xx 000 0 und d a9788499424330 aCO-BoRNBPbspaerdacCO-BoRNBP aspa0 a792.028 B76e1 aBrook, Petereaut96741113aEl espacio vacío /cPeter Brook ; traducción de Ramón Gil Novales ; prólogo de Marcos Ordóñez. aPrimera edición 1aBarcelona, España :bEdiciones Península,c[Fecha de publicación no identificada] a191 páginas atextobtxt2rdacontent asin mediaciónbn2rdamedia avolumenbnc2rdacarrier0 aImprescindibles aRecomendado para público adulto \ Título original: The empty space \ Incluye datos biográficos del autor en las solapas07aActuación teatral2rnbp07aCaracterización teatral2rnbp96741207aTeatro - Tecnica2lemb924933 aGil Novales, Ramón967413 cBK2ddc c59984d59984 00102ddc40708GENaMEMAPJGAbMEMAPJGAcGENd2025-11-13l0o792.028 B76epMPJG01074r2025-11-13 21:10:16tEj.1w2025-11-13yBK